<?xml version="1.0" encoding="UTF-8"?>
<record
    xmlns:xsi="http://www.w3.org/2001/XMLSchema-instance"
    xsi:schemaLocation="http://www.loc.gov/MARC21/slim http://www.loc.gov/standards/marcxml/schema/MARC21slim.xsd"
    xmlns="http://www.loc.gov/MARC21/slim">

  <leader>00914nam a22002657a 4500</leader>
  <controlfield tag="005">20130711130107.0</controlfield>
  <datafield tag="010" ind1=" " ind2=" ">
    <subfield code="a">ENG-104949</subfield>
  </datafield>
  <datafield tag="020" ind1=" " ind2=" ">
    <subfield code="a">9788185044774</subfield>
    <subfield code="c">355.00</subfield>
  </datafield>
  <datafield tag="020" ind1=" " ind2=" ">
    <subfield code="a">8185044775</subfield>
    <subfield code="c">355.00</subfield>
  </datafield>
  <datafield tag="035" ind1=" " ind2=" ">
    <subfield code="a">EN-88482</subfield>
  </datafield>
  <datafield tag="035" ind1=" " ind2=" ">
    <subfield code="a">B-490997-006</subfield>
  </datafield>
  <datafield tag="037" ind1=" " ind2=" ">
    <subfield code="b">DBAD/PUB</subfield>
  </datafield>
  <datafield tag="037" ind1=" " ind2=" ">
    <subfield code="b">Ocean Books/Ven</subfield>
    <subfield code="a">dpl</subfield>
  </datafield>
  <datafield tag="082" ind1=" " ind2=" ">
    <subfield code="a">338.5024658</subfield>
  </datafield>
  <datafield tag="100" ind1=" " ind2=" ">
    <subfield code="a">Raj Kumar</subfield>
  </datafield>
  <datafield tag="245" ind1=" " ind2=" ">
    <subfield code="a">Managerial economics :</subfield>
    <subfield code="c">by  Raj Kumar [and] Kuldip Gupta</subfield>
    <subfield code="b">analysis, policies and cases /</subfield>
  </datafield>
  <datafield tag="250" ind1=" " ind2=" ">
    <subfield code="a">7th rev. ed</subfield>
  </datafield>
  <datafield tag="260" ind1=" " ind2=" ">
    <subfield code="a">New Delhi</subfield>
    <subfield code="b">UDH Publishers &amp; Distributors</subfield>
    <subfield code="c">2012</subfield>
  </datafield>
  <datafield tag="270" ind1=" " ind2=" ">
    <subfield code="a">4762-63, Ansari Road, Darya Ganj</subfield>
    <subfield code="b">New Delhi</subfield>
    <subfield code="e">110002</subfield>
  </datafield>
  <datafield tag="300" ind1=" " ind2=" ">
    <subfield code="a">xix,384p. :</subfield>
    <subfield code="b">ill.</subfield>
    <subfield code="c">24cm(pbk)</subfield>
  </datafield>
  <datafield tag="500" ind1=" " ind2=" ">
    <subfield code="a">Includes index</subfield>
  </datafield>
  <datafield tag="700" ind1=" " ind2=" ">
    <subfield code="a">Gupta, Kuldip</subfield>
    <subfield code="9">44749</subfield>
  </datafield>
  <datafield tag="942" ind1=" " ind2=" ">
    <subfield code="2">ddc</subfield>
    <subfield code="c">EN</subfield>
    <subfield code="m">RAJ</subfield>
    <subfield code="h">338.5024658</subfield>
  </datafield>
  <datafield tag="999" ind1=" " ind2=" ">
    <subfield code="c">64679</subfield>
    <subfield code="d">64679</subfield>
  </datafield>
  <datafield tag="952" ind1=" " ind2=" ">
    <subfield code="0">0</subfield>
    <subfield code="1">0</subfield>
    <subfield code="2">ddc</subfield>
    <subfield code="4">0</subfield>
    <subfield code="7">1</subfield>
    <subfield code="8">NFIC</subfield>
    <subfield code="a">DBAD</subfield>
    <subfield code="b">DBAD</subfield>
    <subfield code="d">2012-04-04</subfield>
    <subfield code="e">DBAD/PUB</subfield>
    <subfield code="g">355.00</subfield>
    <subfield code="l">0</subfield>
    <subfield code="o">338.5024658 RAJ</subfield>
    <subfield code="p">EN-88482</subfield>
    <subfield code="r">2012-04-04 00:00:00</subfield>
    <subfield code="t">1</subfield>
    <subfield code="v">355.00</subfield>
    <subfield code="w">2012-04-04</subfield>
    <subfield code="y">EN</subfield>
  </datafield>
  <datafield tag="952" ind1=" " ind2=" ">
    <subfield code="0">0</subfield>
    <subfield code="1">0</subfield>
    <subfield code="4">0</subfield>
    <subfield code="7">0</subfield>
    <subfield code="8">NFIC</subfield>
    <subfield code="a">L</subfield>
    <subfield code="b">L</subfield>
    <subfield code="d">2013-07-11</subfield>
    <subfield code="e">Ocean Books/19319/07.01.2013/124/18.12.2012/18.01.2013</subfield>
    <subfield code="g">355.00</subfield>
    <subfield code="l">0</subfield>
    <subfield code="o">338.5024658 RAJ</subfield>
    <subfield code="p">B-490997</subfield>
    <subfield code="r">2013-07-11 00:00:00</subfield>
    <subfield code="t">1</subfield>
    <subfield code="v">355.00</subfield>
    <subfield code="y">EN</subfield>
  </datafield>
  <datafield tag="952" ind1=" " ind2=" ">
    <subfield code="0">0</subfield>
    <subfield code="1">5</subfield>
    <subfield code="4">0</subfield>
    <subfield code="7">1</subfield>
    <subfield code="8">NFIC</subfield>
    <subfield code="a">BL1</subfield>
    <subfield code="b">BL1</subfield>
    <subfield code="d">2013-07-11</subfield>
    <subfield code="e">Ocean Books/19319/07.01.2013/124/18.12.2012/18.01.2013</subfield>
    <subfield code="g">355.00</subfield>
    <subfield code="l">0</subfield>
    <subfield code="o">338.5024658 RAJ</subfield>
    <subfield code="p">B-490998</subfield>
    <subfield code="r">2013-07-11 00:00:00</subfield>
    <subfield code="t">1</subfield>
    <subfield code="v">355.00</subfield>
    <subfield code="y">EN</subfield>
  </datafield>
  <datafield tag="952" ind1=" " ind2=" ">
    <subfield code="0">0</subfield>
    <subfield code="1">0</subfield>
    <subfield code="4">0</subfield>
    <subfield code="7">0</subfield>
    <subfield code="8">NFIC</subfield>
    <subfield code="a">JP</subfield>
    <subfield code="b">JP</subfield>
    <subfield code="d">2013-07-11</subfield>
    <subfield code="e">Ocean Books/19319/07.01.2013/124/18.12.2012/18.01.2013</subfield>
    <subfield code="g">355.00</subfield>
    <subfield code="l">11</subfield>
    <subfield code="m">6</subfield>
    <subfield code="o">338.5024658 RAJ</subfield>
    <subfield code="p">B-490999</subfield>
    <subfield code="r">2021-03-10 00:00:00</subfield>
    <subfield code="s">2021-02-05</subfield>
    <subfield code="t">1</subfield>
    <subfield code="v">355.00</subfield>
    <subfield code="y">EN</subfield>
  </datafield>
  <datafield tag="952" ind1=" " ind2=" ">
    <subfield code="0">0</subfield>
    <subfield code="1">0</subfield>
    <subfield code="4">0</subfield>
    <subfield code="7">0</subfield>
    <subfield code="8">NFIC</subfield>
    <subfield code="a">ZLS</subfield>
    <subfield code="b">ZLS</subfield>
    <subfield code="d">2013-07-11</subfield>
    <subfield code="e">Ocean Books/19319/07.01.2013/124/18.12.2012/18.01.2013</subfield>
    <subfield code="g">355.00</subfield>
    <subfield code="l">2</subfield>
    <subfield code="m">1</subfield>
    <subfield code="o">338.5024658 RAJ</subfield>
    <subfield code="p">B-491000</subfield>
    <subfield code="r">2019-10-13 00:00:00</subfield>
    <subfield code="s">2019-09-15</subfield>
    <subfield code="t">1</subfield>
    <subfield code="v">355.00</subfield>
    <subfield code="y">EN</subfield>
  </datafield>
  <datafield tag="952" ind1=" " ind2=" ">
    <subfield code="0">0</subfield>
    <subfield code="1">0</subfield>
    <subfield code="4">0</subfield>
    <subfield code="7">0</subfield>
    <subfield code="8">NFIC</subfield>
    <subfield code="a">ZLS</subfield>
    <subfield code="b">ZLS</subfield>
    <subfield code="d">2013-07-11</subfield>
    <subfield code="e">Ocean Books/19319/07.01.2013/124/18.12.2012/18.01.2013</subfield>
    <subfield code="g">355.00</subfield>
    <subfield code="l">8</subfield>
    <subfield code="m">5</subfield>
    <subfield code="o">338.5024658 RAJ</subfield>
    <subfield code="p">B-491001</subfield>
    <subfield code="r">2022-04-07 00:00:00</subfield>
    <subfield code="s">2022-03-29</subfield>
    <subfield code="t">1</subfield>
    <subfield code="v">355.00</subfield>
    <subfield code="y">EN</subfield>
  </datafield>
  <datafield tag="952" ind1=" " ind2=" ">
    <subfield code="0">0</subfield>
    <subfield code="1">0</subfield>
    <subfield code="4">0</subfield>
    <subfield code="7">1</subfield>
    <subfield code="8">NFIC</subfield>
    <subfield code="a">AG</subfield>
    <subfield code="b">AG</subfield>
    <subfield code="d">2013-07-11</subfield>
    <subfield code="e">Ocean Books/19319/07.01.2013/124/18.12.2012/18.01.2013</subfield>
    <subfield code="g">355.00</subfield>
    <subfield code="l">0</subfield>
    <subfield code="o">338.5024658 RAJ</subfield>
    <subfield code="p">B-491002</subfield>
    <subfield code="r">2019-02-16 00:00:00</subfield>
    <subfield code="t">1</subfield>
    <subfield code="v">355.00</subfield>
    <subfield code="y">EN</subfield>
  </datafield>
  <datafield tag="952" ind1=" " ind2=" ">
    <subfield code="0">0</subfield>
    <subfield code="1">0</subfield>
    <subfield code="4">0</subfield>
    <subfield code="7">0</subfield>
    <subfield code="8">NFIC</subfield>
    <subfield code="a">ZLS</subfield>
    <subfield code="b">ZLS</subfield>
    <subfield code="d">2013-07-11</subfield>
    <subfield code="e">Ocean Books/19319/07.01.2013/124/18.12.2012/18.01.2013</subfield>
    <subfield code="g">355.00</subfield>
    <subfield code="l">4</subfield>
    <subfield code="o">338.5024658 RAJ</subfield>
    <subfield code="p">B-491003</subfield>
    <subfield code="r">2022-04-04 00:00:00</subfield>
    <subfield code="s">2022-03-19</subfield>
    <subfield code="t">1</subfield>
    <subfield code="v">355.00</subfield>
    <subfield code="y">EN</subfield>
  </datafield>
  <datafield tag="952" ind1=" " ind2=" ">
    <subfield code="0">0</subfield>
    <subfield code="1">0</subfield>
    <subfield code="4">0</subfield>
    <subfield code="7">1</subfield>
    <subfield code="8">NFIC</subfield>
    <subfield code="a">VP</subfield>
    <subfield code="b">VP</subfield>
    <subfield code="d">2013-07-11</subfield>
    <subfield code="e">Ocean Books/19319/07.01.2013/124/18.12.2012/18.01.2013</subfield>
    <subfield code="g">355.00</subfield>
    <subfield code="l">0</subfield>
    <subfield code="o">338.5024658 RAJ</subfield>
    <subfield code="p">B-491004</subfield>
    <subfield code="r">2013-07-11 00:00:00</subfield>
    <subfield code="t">1</subfield>
    <subfield code="v">355.00</subfield>
    <subfield code="y">EN</subfield>
  </datafield>
  <datafield tag="952" ind1=" " ind2=" ">
    <subfield code="0">0</subfield>
    <subfield code="1">0</subfield>
    <subfield code="4">0</subfield>
    <subfield code="7">0</subfield>
    <subfield code="8">NFIC</subfield>
    <subfield code="a">BL4</subfield>
    <subfield code="b">BL4</subfield>
    <subfield code="d">2013-07-11</subfield>
    <subfield code="e">Ocean Books/19319/07.01.2013/124/18.12.2012/18.01.2013</subfield>
    <subfield code="g">355.00</subfield>
    <subfield code="l">1</subfield>
    <subfield code="o">338.5024658 RAJ</subfield>
    <subfield code="p">B-491005</subfield>
    <subfield code="r">2023-12-18 00:00:00</subfield>
    <subfield code="s">2023-09-16</subfield>
    <subfield code="t">1</subfield>
    <subfield code="v">355.00</subfield>
    <subfield code="y">EN</subfield>
  </datafield>
  <datafield tag="952" ind1=" " ind2=" ">
    <subfield code="0">0</subfield>
    <subfield code="1">0</subfield>
    <subfield code="4">0</subfield>
    <subfield code="7">1</subfield>
    <subfield code="8">NFIC</subfield>
    <subfield code="a">YV</subfield>
    <subfield code="b">YV</subfield>
    <subfield code="d">2013-07-11</subfield>
    <subfield code="e">Ocean Books/19319/07.01.2013/124/18.12.2012/18.01.2013</subfield>
    <subfield code="g">355.00</subfield>
    <subfield code="l">0</subfield>
    <subfield code="o">338.5024658 RAJ</subfield>
    <subfield code="p">B-491006</subfield>
    <subfield code="r">2013-07-11 00:00:00</subfield>
    <subfield code="t">1</subfield>
    <subfield code="v">355.00</subfield>
    <subfield code="y">EN</subfield>
  </datafield>
</record>
